000 00859nam a2200241 i 4500
001 180558
003 ES-MaACL
005 20250701025116.0
008 120613s1970 sp af |||| |bspa d
080 _a75Velázquez, Diego
100 1 _aVelázquez, Diego,
_d1599-1660
_9113793
245 1 3 _aLa obra pictórica completa de Velázquez /
_cintroducción de Miguel Ángel Asturias ; biografía y estudios críticos de P. M. Bardi.
260 _aBarcelona :
_bNoguer,
_c[1970] (
_fRizzoli)
300 _a120 p. :
_bil. col. y n. ;
_c32 cm.
490 1 _aClásicos del arte ;
_v13
500 _aÍndices.
504 _aBibliografía: p. 82.
700 1 _aAsturias, Miguel Ángel,
_d1899-1974
_923701
700 1 _aBardi, P. M.
_9150537
830 0 _aClásicos del arte ;
_v13
_9191252
852 _aES-MaACL
_jL-31048
999 _c180558
_d180558